Informe de ejecución de práctica profesional supervisada dentro del cuerpo de ingenieros del Ejército de Nicaragua CIEN, sección de operaciones y planes SOP - CIEN

Presenta una descripción de la experiencia del autor realizando sus prácticas profesionales supervisadas dentro del cuerpo de ingenieros del Ejército de Nicaragua participando en: diseño de proyecto de la Dirección de Operaciones y planos DOP, participación en el diseño del plan maestro del C...

Full description

Bibliographic Details
Main Author: Lechado Gaitán, Félix
Other Authors: Tutor: Cardoza Sánchez, Riel Ramón
Format: Tesis Section = Libro
Language:Undetermined
Spanish
Published: Managua UNI 2013
Subjects:
LEADER 01159nam a2200229Ia 4500
008 240830s9999 xx 000 0 und d
040 |a BIBLIOTECA-RUSB/ T.Mon 692 L458 
041 |a spa 
082 |a T.Mon 692 L458 
100 1 |a Lechado Gaitán, Félix 
245 1 0 |a Informe de ejecución de práctica profesional supervisada dentro del cuerpo de ingenieros del Ejército de Nicaragua CIEN, sección de operaciones y planes SOP - CIEN 
260 |a Managua  |b UNI  |c 2013 
300 |a 106 p. :il. 
502 |a Tesis (Arquitecto) - UNI, 2013. 
520 3 |a Presenta una descripción de la experiencia del autor realizando sus prácticas profesionales supervisadas dentro del cuerpo de ingenieros del Ejército de Nicaragua participando en: diseño de proyecto de la Dirección de Operaciones y planos DOP, participación en el diseño del plan maestro del Centro Internacional de Desminado Humanitario CIDH. 
650 7 |a PRÁCTICAS AUXILIARES DE LA CONSTRUCCIÓN 
650 7 |b  DISEÑO DE PROYECTOS 
650 7 |c  PRÁCTICAS PROFESIONALES 
700 1 |a Tutor:  |b Cardoza Sánchez, Riel Ramón 
942 |c BK  |2 ddc 
991 |a TESIS 
999 |c 21936